[Event "ESP-chJ"]
[Site "Los Barrios"]
[Date "1995.??.??"]
[Round "6"]
[White "Vallejo Pons, Francisco"]
[Black "Escobar, Dominguez D"]
[Result "1-0"]
[WhiteElo "2325"]
[BlackElo "2265"]

1.e4 e5 2.Bc4 Nf6 3.d3 Nc6 4.Nf3 d6 5.Ng5 d5 6.exd5 Na5 7.Bb5+ c6 8.dxc6 bxc6
9.Ba4 Bc5 10.c3 h6 11.Nf3 Qb6 12.O-O Bd6 13.Re1 O-O 14.Nxe5 Bxe5 15.Rxe5 Ng4
16.Re2 Qc7 17.g3 Rd8 18.Bf4 Qd7 19.Na3 g5 20.Bd2 Nxh2 21.Kxh2 Qh3+ 22.Kg1 Bg4
23.Qf1 Qh5 24.Re3 Bh3 25.Qe2 Qg6 26.g4 Bxg4 27.Qxg4 f5 28.Qg2 f4 29.Re5  1-0

[Event "ESP-chJ"]
[Site "Los Barrios"]
[Date "1995.??.??"]
[Round "7"]
[White "Acosta, A."]
[Black "Vallejo Pons, Francisco"]
[Result "0-1"]
[WhiteElo "2270"]
[BlackElo "2325"]

1.Nf3 f5 2.g3 Nf6 3.Bg2 d6 4.O-O g6 5.c4 Bg7 6.Nc3 O-O 7.d3 e5 8.e4 c5 9.Bg5 h6
10.Bxf6 Bxf6 11.a3 Nc6 12.Rb1 f4 13.Nd5 g5 14.Ne1 g4 15.f3 h5 16.Nc2 Bg5
17.b4 b6 18.Qe2 Be6 19.Rf2 Ne7 20.gxf4 Bxf4 21.Nxf4 exf4 22.d4 Ng6 23.Rff1 Qh4
24.Rfd1 g3 25.h3 Bxh3 26.dxc5 dxc5 27.Rd6 Kh7 28.Bxh3 Qxh3 29.bxc5 bxc5 30.Rb7+ Kh6
31.e5 Rf5 32.Qd2 Rg8 33.e6 g2  0-1

[Event "ESP-chJ"]
[Site "Los Barrios"]
[Date "1995.??.??"]
[Round "8"]
[White "Vallejo Pons, Francisco"]
[Black "Del Rio de Angeles, Gabriel"]
[Result "1-0"]
[WhiteElo "2325"]
[BlackElo "2365"]

1.e4 e6 2.d3 d5 3.Nd2 Nf6 4.Ngf3 Nc6 5.c3 a5 6.Be2 dxe4 7.dxe4 Be7 8.O-O O-O
9.a4 b6 10.Qc2 Bb7 11.Nc4 Re8 12.h3 Qc8 13.Re1 Nb8 14.e5 Nfd7 15.Ng5 Nf8
16.Bd3 Bxg5 17.Bxg5 Nbd7 18.Qe2 Ng6 19.b4 Bd5 20.Bxg6 hxg6 21.Nd2 axb4 22.cxb4 c5
23.b5 Qc7 24.Nc4 Ra7 25.Bf4 Rea8 26.Qc2 Qd8 27.Bg3 Qg5 28.Nd6 f5 29.exf6 gxf6
30.Ne4 Qf5 31.Ra3 Ne5 32.Nxf6+ Qxf6 33.Bxe5 Qf5 34.Qd2 Rh7 35.a5 bxa5 36.f3 a4
37.Qe3 c4 38.b6 Rb7 39.Qh6 Qh5 40.Qxh5 gxh5 41.Bc7 Kf7 42.Kf2 Ke7 43.Rea1 Bc6
44.g4 Ra5 45.f4 Kf6 46.Rc1 hxg4 47.hxg4 Bd5 48.Rca1 Bc6 49.Rc3 Bd5 50.Ke3 Ra8
51.Kd4 Ke7 52.Rca3 Rg8 53.g5 Rh8 54.Rxa4 Rh3 55.R4a3 Rh2 56.R1a2 Rh1 57.Rc3 Kd7
58.Ra5 Rd1+ 59.Ke5 Ke7 60.Re3 Rf1 61.Rxd5 exd5 62.Kxd5+ Kd7 63.Rc3  1-0

[Event "Mondariz"]
[Site "Mondariz"]
[Date "1995.??.??"]
[Round "2"]
[White "Glavina, Pablo"]
[Black "Vallejo Pons, Francisco"]
[Result "1/2-1/2"]
[WhiteElo "2400"]
[BlackElo "2300"]

1.e4 c5 2.c3 d5 3.exd5 Qxd5 4.d4 cxd4 5.cxd4 e6 6.Nc3 Qd6 7.Nf3 Nf6 8.Bc4 Be7
9.d5 exd5 10.Nxd5 Nxd5 11.Qxd5 O-O 12.O-O Nc6 13.Bg5 Qxd5 14.Bxd5  1/2-1/2

[Event "Mondariz"]
[Site "Mondariz"]
[Date "1995.??.??"]
[Round "3"]
[White "Vallejo Pons, Francisco"]
[Black "Rodriguez Lopez, Rafael"]
[Result "0-1"]
[WhiteElo "2300"]
[BlackElo "2300"]

1.e4 Nf6 2.e5 Nd5 3.d4 d6 4.Bc4 Nb6 5.Bb3 Bf5 6.e6 fxe6 7.Nc3 Qd7 8.Qh5+ g6
9.Qh4 h5 10.Nf3 Nc6 11.Ne4 Bg7 12.Bg5 Rf8 13.O-O-O O-O-O 14.h3 Rde8 15.Rhe1 Na5
16.Nc3 Nxb3+ 17.axb3 Rf7 18.Nh2 e5 19.dxe5 d5 20.Qd4 c6 21.f4 Kb8 22.b4 Rc8
23.b3 Rc7 24.Kb2 Qc8 25.Qc5 Nd7 26.Qf2 Nf8 27.Ra1 a6 28.g4 hxg4 29.hxg4 Bxg4
30.Qh4 Bf5 31.Na4 Ne6 32.Nb6 Qh8 33.Qg3 Nxg5 34.fxg5 Qh3 35.Qf2 Be6 36.Qe2 Rf5
37.Ng4 Rxg5 38.Ne3 Rxe5 39.c3 Bh6 40.Rh1 Qxe3 41.Qxe3 Bxe3  0-1

[Event "Mondariz"]
[Site "Mondariz"]
[Date "1995.??.??"]
[Round "4"]
[White "Vallejo Pons, Francisco"]
[Black "Permuy, Carlos"]
[Result "1-0"]
[WhiteElo "2300"]
[BlackElo "2350"]

1.e4 c5 2.Nc3 Nc6 3.Nge2 g6 4.d4 cxd4 5.Nxd4 Bg7 6.Nde2 Nf6 7.g3 d6 8.Bg2 Bd7
9.h3 O-O 10.O-O Rc8 11.Nd5 Nxd5 12.exd5 Ne5 13.a4 Qb6 14.Ra2 Nc4 15.b3 Na5
16.Be3 Qc7 17.Re1 Rfe8 18.c4 a6 19.Nd4 b6 20.h4 Rb8 21.Bf1 Nb7 22.h5 a5 23.Qb1 Nc5
24.Bg2 Qc8 25.Be4 Nxe4 26.Qxe4 Bf5 27.Nxf5 Qxf5 28.Qxf5 gxf5 29.Bg5 Kf8 30.Rae2 Rb7
31.Bf4 Bc3 32.Rd1 Rd7 33.Rd3 Bg7 34.Kg2 Bf6 35.Be3 Rb7 36.Kf3 Be5 37.Bf4 Bg7
38.g4 fxg4+ 39.Kxg4 Rd8 40.Bg5 Re8 41.h6 Bh8 42.Bh4 Rd7 43.Bg3 Rc8 44.f4 Re8
45.Bf2 Rb7 46.Bg1 Reb8 47.Kh5 Ke8 48.Rg3 Kd7 49.f5 Rf8 50.Rg7 Bxg7 51.hxg7 Rg8
52.Kh6 f6 53.Kxh7 Rbb8 54.Bd4  1-0

[Event "Mondariz"]
[Site "Mondariz"]
[Date "1995.??.??"]
[Round "5"]
[White "Miguel, Victor"]
[Black "Vallejo Pons, Francisco"]
[Result "0-1"]
[WhiteElo "2275"]
[BlackElo "2300"]

1.Nf3 f5 2.g3 Nf6 3.Bg2 d6 4.d4 g6 5.c4 Bg7 6.Nc3 O-O 7.d5 c5 8.O-O Na6 9.e4 fxe4
10.Ng5 Nc7 11.Ngxe4 a6 12.a4 b6 13.Bf4 Nh5 14.Bg5 h6 15.Be3 Rb8 16.Rb1 Bd7
17.b4 Qe8 18.Re1 Bf5 19.Qd2 g5 20.bxc5 bxc5 21.Rxb8 Qxb8 22.h4 gxh4 23.Bxh6 hxg3
24.Qg5 Bxe4 25.Nxe4 gxf2+ 26.Nxf2 Qb2 27.Ng4 Nf4 28.Qxg7+ Qxg7 29.Bxg7 Kxg7
30.Rxe7+ Rf7 31.Re3 a5 32.Rb3 Ne2+ 33.Kh2 Rf4 34.Ne3 Kf6 35.Rb7 Ne8 36.Bh3 Rf2+
37.Kh1 Kg5 38.Ng4 Rf3 39.Nh2 Rxh3 40.Re7 Nf4 41.Rxe8 Ra3 42.Nf1 Rxa4 43.Ne3 Ra3
44.Kg1 Rc3 45.Kf2 a4 46.Rd8 Nd3+ 47.Ke2 Ne5 48.Ra8 a3 49.Ra6 Kf4 50.Ng2+ Ke4
51.Rxd6 Rc2+ 52.Kf1 a2  0-1

[Event "Mondariz"]
[Site "Mondariz"]
[Date "1995.??.??"]
[Round "7"]
[White "Hernandez, Yudania"]
[Black "Vallejo Pons, Francisco"]
[Result "0-1"]
[WhiteElo "2200"]
[BlackElo "2300"]

1.e4 c5 2.f4 d5 3.exd5 Qxd5 4.Nc3 Qd6 5.Nf3 Nf6 6.Ne5 Bd7 7.Bc4 e6 8.b3 a6
9.Bb2 Nc6 10.Ne2 b5 11.Bd3 Nb4 12.Ng3 Nxd3+ 13.Nxd3 Bc6 14.Qe2 Qd5 15.O-O h5
16.f5 h4 17.Nf4 Qd6 18.Be5 Qe7 19.Nh1 exf5 20.Bxf6 Qxe2 21.Nxe2 gxf6 22.Nf2 Rg8
23.Nf4 O-O-O 24.d3 Bd6 25.N2h3 Rg4 26.Rae1 Be5 27.Re2 Kc7 28.Nh5 Rdg8 29.N3f4 Bd4+
30.Kh1 h3 31.Ng3 hxg2+ 32.Rxg2 Be5  0-1

[Event "Mondariz"]
[Site "Mondariz"]
[Date "1995.??.??"]
[Round "8"]
[White "Vallejo Pons, Francisco"]
[Black "Estremera Panos, Sergio"]
[Result "1/2-1/2"]
[WhiteElo "2300"]
[BlackElo "2350"]

1.e4 c5 2.Nc3 d6 3.Nge2 Nf6 4.g3 b5 5.Bg2 Bb7 6.d4 Nbd7 7.d5 b4 8.Nb1 g6
9.b3 Bg7 10.Bb2 O-O 11.Nd2 a5 12.c4 a4 13.Rb1 axb3 14.axb3 Ra2 15.Qc2 e6
16.Nc1 Rxb2 17.Rxb2 exd5 18.cxd5 Re8 19.O-O Ba6 20.Rd1 Ng4 21.Ra2 Qf6 22.Nf3 Bb5
23.Ra5 Rb8 24.h3 Nge5 25.Nd2 g5 26.Bf1 Bxf1 27.Rxf1 Nf3+ 28.Nxf3 Qxf3 29.Qd3 Ne5
30.Qxf3 Nxf3+ 31.Kg2 Nd2 32.Re1 Bb2 33.Ra6 Bxc1 34.Rxc1 Nxb3 35.Rd1 Nd4 36.Rxd6 b3
37.Rd7 b2 38.Rb1 Ne2 39.Rc7 Nc3 40.d6 Nxb1 41.d7 Na3 42.Rc8+ Rxc8 43.dxc8=Q+ Kg7
44.Qxc5 b1=Q 45.Qxg5+ Kh8  1/2-1/2

[Event "Santa Cruz de la Palma op"]
[Site "Santa Cruz"]
[Date "1995.??.??"]
[Round "?"]
[White "Brito, Alfredo"]
[Black "Vallejo Pons, Francisco"]
[Result "1-0"]
[WhiteElo "2345"]
[BlackElo "2300"]

1.g3 e5 2.Bg2 d6 3.e4 Nc6 4.c3 g6 5.Nf3 Bg7 6.O-O Nf6 7.Re1 O-O 8.d4 Qe7
9.Nbd2 a5 10.b3 b6 11.Ba3 Bg4 12.h3 Bxf3 13.Nxf3 Rfe8 14.Qd3 Qd7 15.Rad1 Rad8
16.Qb1 exd4 17.cxd4 d5 18.Ne5 Qe6 19.Nxc6 Qxc6 20.e5 Nd7 21.Rc1 Qb7 22.Bf1 c5
23.Bb5 Re6 24.f4 cxd4 25.Bb2 Nc5 26.Bxd4 Qe7 27.Be2 f6 28.Bg4 f5 29.Be2 Ne4
30.Kh2 g5 31.Rg1 Rh6 32.Qd3 Kh8 33.Rcf1 Rf8 34.fxg5 Qxg5 35.Be3 Qe7 36.Bxh6 Bxh6
37.Qxd5 Rd8 38.Qc6 Be3 39.Rg2 Qxe5 40.Bf3 Nxg3 41.Rxg3 Bf4 42.Rg1 Rd2+ 43.Kh1 Bxg3
44.Rxg3  1-0

[Event "Santa Cruz de la Palma op"]
[Site "Santa Cruz"]
[Date "1995.??.??"]
[Round "?"]
[White "Kurajica, Mladen"]
[Black "Vallejo Pons, Francisco"]
[Result "0-1"]
[WhiteElo "2245"]
[BlackElo "2300"]

1.Nf3 f5 2.d4 Nf6 3.g3 g6 4.Bg2 Bg7 5.O-O O-O 6.c4 d6 7.Nc3 c6 8.Qc2 Na6
9.a3 Qe8 10.d5 e5 11.dxe6 Bxe6 12.b3 Nc5 13.Bb2 Qe7 14.e3 d5 15.b4 Nce4 16.cxd5 cxd5
17.Nd4 Bf7 18.Rac1 Rac8 19.Qe2 h5 20.Nf3 a6 21.Nb1 Rfd8 22.Bd4 Be8 23.Bb6 Bb5
24.Bxd8 Rxd8 25.Qc2 Bxf1 26.Rxf1 Bh6 27.Nbd2 Ng4 28.Nxe4 fxe4 29.Ne1 Kh7
30.h3 Ne5 31.Qe2 Rf8 32.f4 exf3 33.Nxf3 Nc4 34.e4 b5 35.e5 Nxa3 36.Rd1 Rd8
37.Qb2 Nc4 38.Qb3 d4 39.Kh2 Be3 40.Qa2 Nxe5 41.Qxa6 Nxf3+ 42.Bxf3 Rf8 43.Kg2 Rxf3
44.Kxf3 Qf7+ 45.Ke2 Qf2+ 46.Kd3 Qf5+  0-1

[Event "Santa Cruz de la Palma op"]
[Site "Santa Cruz"]
[Date "1995.??.??"]
[Round "?"]
[White "Perdomo, Jose"]
[Black "Vallejo Pons, Francisco"]
[Result "0-1"]
[WhiteElo "2265"]
[BlackElo "2300"]

1.e4 c5 2.Nf3 Nc6 3.d4 cxd4 4.Nxd4 Nf6 5.Nc3 e5 6.Ndb5 d6 7.Bg5 a6 8.Na3 b5
9.Nd5 Be7 10.Bxf6 Bxf6 11.c3 Rb8 12.Nc2 Bg5 13.a4 bxa4 14.Ncb4 Bd7 15.Bxa6 Nxb4
16.Nxb4 Qb6 17.O-O O-O 18.Bd3 Ra8 19.Ra3 Ra5 20.Qe2 Rfa8 21.Rfa1 Bd8 22.Bc4 R8a7
23.Rd1 Qc5 24.Bd5 Bb6 25.Nd3 Qc7 26.Qh5 Bb5 27.c4 Be8 28.Nb4 Qc5 29.Nd3 Qc7
30.Ne1 Qe7 31.Rh3 h6 32.Rdd3 Qg5 33.Qxg5 hxg5 34.Nc2 g4 35.Rhg3 Bd7 36.h3 gxh3
37.gxh3 Bc8 38.b4 R5a6 39.Bc6 Bxf2+ 40.Kxf2 Rxc6 41.Na3 Be6 42.b5 Rb6 43.Ke1 Kf8
44.Kd2 g6 45.Kc3 Ke7 46.Kb4 Rb8 47.Nc2 Rh8 48.Ne3 a3 49.Rxa3 Rxa3 50.Kxa3 Rh4
51.Kb4 Rxe4 52.b6 Kd7 53.Kb5 Rd4 54.Nd5 Bxd5 55.cxd5 Rxd5+ 56.Ka6 Rd1 57.b7 Rb1
58.Ka7 e4  0-1

[Event "Santa Cruz de la Palma op"]
[Site "Santa Cruz"]
[Date "1995.??.??"]
[Round "?"]
[White "Vallejo Pons, Francisco"]
[Black "Solana Suarez, Ernesto"]
[Result "1/2-1/2"]
[WhiteElo "2300"]
[BlackElo "2385"]

1.e4 c5 2.Nc3 Nc6 3.Nge2 Nf6 4.d4 cxd4 5.Nxd4 e5 6.Ndb5 d6 7.Bg5 a6 8.Na3 b5
9.Bxf6 gxf6 10.Nd5 Bg7 11.c3 f5 12.exf5 Bxf5 13.Nc2 O-O 14.Nce3 Be6 15.Bd3 f5
16.Bc2 Ra7 17.Qh5 Bxd5 18.Nxd5 e4 19.Bb3 Kh8 20.Nf4 Qe8 21.Qxe8 Rxe8 22.O-O-O Be5
23.Nd5 Ne7 24.g3 Nxd5 25.Rxd5 Rc7 26.Kb1 Kg7 27.Rc1 Rf8 28.f4  1/2-1/2

[Event "Santa Cruz de la Palma op"]
[Site "Santa Cruz"]
[Date "1995.??.??"]
[Round "?"]
[White "Vallejo Pons, Francisco"]
[Black "Alvarado, Francisco"]
[Result "1/2-1/2"]
[WhiteElo "2300"]
[BlackElo "2135"]

1.e4 e6 2.d4 d5 3.Nc3 Nf6 4.Bg5 Be7 5.e5 Nfd7 6.Bxe7 Qxe7 7.f4 a6 8.Nf3 c5
9.Qd2 Nc6 10.dxc5 Qxc5 11.Bd3 Nb6 12.b3 Bd7 13.Ne2 Rc8 14.c3 h6 15.Rc1 O-O
16.Ned4 Nxd4 17.Nxd4 f6 18.exf6 Rxf6 19.a4 Be8 20.g4 Qd6 21.O-O Bg6 22.f5 exf5
23.gxf5 Bh5 24.Kh1 Nd7 25.Rg1 Nc5 26.Rg3 Re8 27.Rcg1 Re7 28.Qg2 Qd7 29.Qh3 Be8
30.Qh4 Nxd3 31.Rxd3 Kh8 32.Rdg3 Qd6 33.a5 Bb5 34.Qg4 Bd7 35.Rf3 Qe5 36.Rgf1 Qe4
37.h3 Ref7 38.Qxe4 dxe4 39.Rf4 g6 40.Rxe4 Bxf5 41.Nxf5  1/2-1/2

[Event "Santa Cruz de la Palma op"]
[Site "Santa Cruz"]
[Date "1995.??.??"]
[Round "?"]
[White "Vallejo Pons, Francisco"]
[Black "Davies, Nigel R"]
[Result "0-1"]
[WhiteElo "2300"]
[BlackElo "2530"]

1.e4 d6 2.d4 g6 3.Nc3 Bg7 4.Nge2 a6 5.a4 Nc6 6.Be3 Nf6 7.h3 e5 8.g3 b6 9.Bg2 Bb7
10.O-O O-O 11.Qd2 exd4 12.Nxd4 Na5 13.Qd3 Re8 14.Rad1 Nd7 15.Qe2 c5 16.Nb3 Nxb3
17.cxb3 Qe7 18.Qd3 Be5 19.Rfe1 Rad8 20.Re2 Nf8 21.Nd5 Bxd5 22.exd5 Qb7 23.Bg5 f6
24.Be3 f5 25.Rde1 Bf6 26.Bf4 Rxe2 27.Rxe2 b5 28.axb5 Qxb5 29.Qxb5 axb5 30.Bf1 g5
31.Bc1 Ra8 32.Rc2 Ra1 33.Kg2 Ng6 34.Bxb5 Kg7 35.Bd7 f4 36.gxf4 gxf4 37.Bd2 Nh4+
38.Kh2 Be5 39.Bc3 h5 40.Bxe5+ dxe5 41.Re2 Kf6 42.Be8 Nf3+ 43.Kg2 Nd4 44.Rd2 h4
45.Bh5 Rc1 46.Rd1 Rxd1 47.Bxd1 e4 48.Bh5 Ke5 49.Bf7 Nf3 50.Be6 Ng5 51.Bg8 Kd6
52.Kh2 f3  0-1

[Event "Santa Cruz de la Palma op"]
[Site "Santa Cruz"]
[Date "1995.??.??"]
[Round "?"]
[White "Vallejo Pons, Francisco"]
[Black "Garcia Palermo, Carlos"]
[Result "1/2-1/2"]
[WhiteElo "2300"]
[BlackElo "2490"]

1.e4 c6 2.d4 d5 3.f3 g6 4.Nc3 Bg7 5.Be3 Qb6 6.Qd2 Qxb2 7.Rb1 Qa3 8.exd5 Nf6
9.dxc6 bxc6 10.Bc4 Nbd7 11.Nge2 Nb6 12.Bb3 Ba6 13.Bh6 Bxh6 14.Qxh6 c5 15.dxc5 Qxc5
16.Qg7 Rf8 17.Qh6 Bxe2 18.Nxe2 e6 19.Qh4 Ke7 20.c3 Rfd8 21.Qf2 Rac8 22.Qxc5+ Rxc5
23.Kf2 h5 24.Rhd1 Rdc8 25.Rd3 R8c7 26.g3 Nfd7 27.Rd4 Rf5 28.h3 Ra5 29.Ke3 Nc5
30.Rb2 e5 31.Rd1 Rb5 32.Rbb1 Rb7 33.Nc1 Nba4 34.c4 R5b6 35.Rd2 Nc3 36.Rbb2 f6
37.Rbc2 Nb1 38.Rd5 Rc7 39.h4 Na3 40.Rcd2 a5 41.Kf2 a4 42.Bc2 Nxc4 43.Re2 Kf7
44.Nd3 Nxd3+ 45.Rxd3 Ra7 46.Re4 Nb2 47.Ra3 Kg7 48.Rc3 Rd6 49.Ke2 Rad7 50.Bxa4 Rd2+
51.Ke3 Nxa4 52.Rxa4 Rg2 53.Rac4 Rdd2 54.f4 Rxa2 55.Ke4 Rge2+ 56.Kf3 Rf2+
57.Ke3 Rae2+ 58.Kd3 Rg2 59.Rc7+ Kh6 60.fxe5 fxe5 61.Kc4 Rc2 62.Kd5 Rxc3 63.Rxc3 Re2
64.Rc7 Re3 65.Re7 Rxg3 66.Rxe5 Rg4 67.Re4 g5 68.Re6+ Kg7 69.hxg5 h4 70.Ke5  1/2-1/2

[Event "Zaragoza op-A"]
[Site "Zaragoza"]
[Date "1995.??.??"]
[Round "1"]
[White "Pogorelov, Ruslan"]
[Black "Vallejo Pons, Francisco"]
[Result "1-0"]
[WhiteElo "2440"]
[BlackElo "2300"]

1.Nf3 f5 2.d4 Nf6 3.g3 g6 4.b3 Bg7 5.Bb2 O-O 6.Bg2 d6 7.O-O Qe8 8.Nbd2 c6
9.a4 h6 10.Nc4 Na6 11.Ne1 g5 12.Nd3 Be6 13.Nd2 Qg6 14.Re1 Nc7 15.e4 fxe4
16.Nxe4 Rf7 17.Qd2 Nxe4 18.Bxe4 Bf5 19.Bxf5 Qxf5 20.Re2 Bf6 21.Rae1 h5 22.Re4 Raf8
23.Qe2 Rh7 24.Kg2 b6 25.h3 Qd7 26.c4 Rff7 27.f4 Qf5 28.fxg5 Qxg5 29.h4 Qg7
30.Kh3 Kf8 31.Nf4 d5 32.cxd5 cxd5 33.Re3 Bxd4 34.Bxd4 Qxd4 35.Rc1 Rxf4 36.gxf4 Ne8
37.Rd3 Qe4 38.Qxe4 dxe4 39.Rd7 Rf7 40.Rc8 e6 41.Rxf7+ Kxf7 42.Ra8 Nd6 43.Rxa7+ Kf6
44.Kg3 Nf5+ 45.Kf2 e5 46.fxe5+ Kxe5 47.Rb7 e3+ 48.Kf3 Kd4 49.Ke2 Kc5 50.Rf7 Nd6
51.Rf4  1-0

[Event "Zaragoza op-A"]
[Site "Zaragoza"]
[Date "1995.??.??"]
[Round "2"]
[White "Vallejo Pons, Francisco"]
[Black "Payen, Arnaud"]
[Result "1/2-1/2"]
[WhiteElo "2300"]
[BlackElo "2380"]

1.e4 c5 2.Nc3 Nc6 3.Nge2 Nf6 4.d4 cxd4 5.Nxd4 d6 6.g3 g6 7.Nde2 Bg7 8.Bg2 O-O
9.O-O Rb8 10.a4 a6 11.Nd5 Nd7 12.c3 b5 13.axb5 axb5 14.Bg5 h6 15.Be3 e6 16.Ndf4 Qc7
17.Nd4 Nde5 18.b3 Rd8 19.Qe2 Qb7 20.Rfd1 Bd7 21.h3 Ne7 22.Qd2 Kh7 23.Nc2 Nc8
24.Ne2 Bc6 25.f3 Nb6 26.Nb4 d5 27.Nd4 Be8 28.f4 Nc6 29.Ndxc6 Bxc6 30.e5 Ra8
31.Bd4 Nd7 32.Qe1 Bf8 33.Qf2 Rxa1 34.Rxa1 Ra8 35.Rb1 Ra3 36.Bf1 Nb8 37.Bd3 Na6
38.Nxc6 Qxc6 39.h4 Nc5 40.Bc2 Ne4 41.Bxe4 dxe4 42.Qe3 Qd5 43.b4 Ra2 44.Re1 Qb3
45.Qxe4 Bxb4 46.cxb4 Qxg3+ 47.Kf1 Qh3+ 48.Kg1 Qg3+ 49.Kf1 Qh3+ 50.Kg1  1/2-1/2

[Event "Zaragoza op-A"]
[Site "Zaragoza"]
[Date "1995.??.??"]
[Round "3"]
[White "Foisor, Cristina Adela B"]
[Black "Vallejo Pons, Francisco"]
[Result "0-1"]
[WhiteElo "2375"]
[BlackElo "2300"]

1.c4 f5 2.g3 Nf6 3.Bg2 d6 4.Nc3 c6 5.d4 g6 6.Nf3 Bg7 7.O-O O-O 8.Qc2 Na6
9.a3 Qe8 10.d5 e5 11.dxe6 Bxe6 12.Bf4 Rd8 13.Rad1 Qe7 14.Rfe1 Nc5 15.b4 Nce4
16.Nxe4 Nxe4 17.Nd4 Bf7 18.f3 Nf6 19.e4 fxe4 20.fxe4 Ng4 21.Nf3 Ne5 22.Nxe5 Bxe5
23.Be3 b6 24.Bh3 c5 25.b5 Ra8 26.Bh6 Rfe8 27.Rd3 a6 28.Rf3 axb5 29.cxb5 Ra7
30.Kh1 Bd4 31.Bg2 Bg7 32.Bxg7 Kxg7 33.Qc3+ Qe5 34.Rd1 Qxc3 35.Rxc3 Rd8 36.Kg1 Kf6
37.e5+ Kxe5 38.Rf3 c4 39.a4 Bg8 40.Rf4 d5 41.Rxc4 dxc4 42.Rxd8 Be6 43.Kf2 Rxa4
44.Bc6 Ra2+ 45.Ke3 Rxh2 46.Re8 Kd6 47.Rd8+ Kc5 48.Re8 Bf5 49.Re5+ Kb4 50.Rd5 c3
51.Rd4+ Ka3 52.Rc4 c2 53.Bd5 h5  0-1

[Event "Zaragoza op-A"]
[Site "Zaragoza"]
[Date "1995.??.??"]
[Round "5"]
[White "Mellado Trivino, Juan"]
[Black "Vallejo Pons, Francisco"]
[Result "1-0"]
[WhiteElo "2445"]
[BlackElo "2300"]

1.d4 f5 2.g3 Nf6 3.Bg2 d6 4.c4 e5 5.Nc3 Be7 6.Nf3 e4 7.Nd2 Nc6 8.e3 d5 9.f3 Nb4
10.O-O c6 11.cxd5 Nbxd5 12.Nc4 exf3 13.Bxf3 Be6 14.Nxd5 Bxd5 15.Bxd5 Qxd5
16.Qb3 O-O-O 17.Ne5 Rde8 18.Rxf5 g6 19.Rxf6 Bxf6 20.Qxd5 cxd5 21.Nf7 Rhf8
22.Nd6+ Kd7 23.Nxe8 Rxe8 24.Bd2 Re6 25.Kf2 h5 26.Rc1 Ra6 27.Rc5 Ke6 28.Rb5 Rxa2
29.Rxb7 a5 30.Rb6+ Kf5 31.h3 g5 32.g4+ hxg4 33.hxg4+ Kxg4 34.Rxf6 Rxb2 35.Ke2 Kh3
36.Rh6+ Kg3 37.Ra6 g4 38.Rxa5 Kh2 39.Rxd5 g3 40.Rh5+ Kg1 41.d5 g2 42.e4 Rb3
43.Be3+  1-0

[Event "Zaragoza op-A"]
[Site "Zaragoza"]
[Date "1995.??.??"]
[Round "6"]
[White "Vallejo Pons, Francisco"]
[Black "Eslon, Jaan"]
[Result "1-0"]
[WhiteElo "2300"]
[BlackElo "2420"]

1.e4 e6 2.d4 d5 3.Nc3 Bb4 4.Ne2 dxe4 5.a3 Be7 6.Nxe4 Nc6 7.Be3 Nf6 8.Qd3 O-O
9.O-O-O b6 10.N2c3 Bb7 11.h4 a5 12.h5 Ba6 13.Nxf6+ Bxf6 14.Qe4 Bxf1 15.Rhxf1 Ne7
16.Qf3 Nd5 17.Ne4 Be7 18.c4 Nf6 19.Nc3 Ne8 20.d5 e5 21.Qg3 f6 22.f4 exf4
23.Bxf4 Nd6 24.Qd3 Qd7 25.Rde1 Rf7 26.Re6 Bf8 27.Rfe1 a4 28.g4 Nb7 29.Kb1 Bd6
30.Be3 Be5 31.g5 Bxc3 32.Qxc3 fxg5 33.Bxg5 Raf8 34.Be7 Rc8 35.h6 Nd6 36.Bxd6 cxd6
37.Qg3 b5 38.Rxd6 Qf5+ 39.Ka2 bxc4 40.Qc3 Qd3 41.Rc6 Rb8 42.Rxc4 Qxc3 43.bxc3 Rf2+
44.Ka1 Rbb2 45.Rb4 Ra2+ 46.Kb1 Rxa3 47.d6 Rd2 48.Re7 Rb3+ 49.Rxb3 axb3 50.d7  1-0

[Event "Zaragoza op-A"]
[Site "Zaragoza"]
[Date "1995.??.??"]
[Round "9"]
[White "Vallejo Pons, Francisco"]
[Black "Narciso Dublan, Marc"]
[Result "0-1"]
[WhiteElo "2300"]
[BlackElo "2375"]

1.e4 Nc6 2.Nf3 Nf6 3.e5 Ng4 4.d4 d6 5.h3 Nh6 6.Nc3 a6 7.Be2 dxe5 8.d5 Nd4
9.Nxd4 exd4 10.Qxd4 Nf5 11.Qe4 Nd6 12.Qd4 e6 13.Bf4 Nf5 14.Qe4 Bd6 15.O-O-O O-O
16.Bg4 Ne7 17.Bf3 Ng6 18.Bxd6 cxd6 19.dxe6 fxe6 20.Kb1 d5 21.Qe3 Qf6 22.Rd2 Ne5
23.Bxd5 exd5 24.Nxd5 Qh6 25.Qxh6 gxh6 26.Nb6 Rb8 27.Re1 Ng6 28.Kc1 h5 29.a4 Bf5
30.a5 Rbd8 31.Rde2 h4 32.Re3 Bd7 33.g3 hxg3 34.fxg3 Bxh3 35.b4 Bg2 36.c4 Bc6
37.Kc2 Rfe8 38.Kc3 Rxe3+ 39.Rxe3 Kf7 40.g4 Nf4 41.Re5 Kg6 42.b5 axb5 43.cxb5 Bf3
44.g5 Nd5+ 45.Nxd5 Rxd5 46.Re3 Bg2 47.Kb4 Bf1 48.Re6+ Kxg5 49.Rb6 Rd7 50.a6 bxa6
51.Rxa6 Rb7  0-1

[Event "Andorra"]
[Site "Andorra"]
[Date "1996.??.??"]
[Round "2"]
[White "Vallejo Pons, Francisco"]
[Black "Spraggett, Kevin"]
[Result "1/2-1/2"]
[WhiteElo "2420"]
[BlackElo "2530"]

1.e4 c6 2.d4 d5 3.e5 c5 4.dxc5 Nc6 5.Nf3 Bg4 6.Bb5 e6 7.Be3 Qa5+ 8.Nc3 a6
9.Bxc6+ bxc6 10.h3 Bxf3 11.Qxf3 Bxc5 12.Bxc5 Qxc5 13.O-O-O Ne7 14.Rhf1 Qa5
15.Qd3 c5 16.f4 O-O 17.g4 d4 18.Ne4 Qxa2 19.f5 Nc6 20.Qa3 Qxa3 21.bxa3 c4
22.Nc5 Rfe8 23.fxe6 fxe6 24.Rf4 Re7 25.c3 dxc3 26.Rxc4 Nxe5 27.Re4 Nf7 28.Rxe6 Rxe6
29.Nxe6 Re8 30.Nc5 Re5 31.Nxa6 Ra5 32.Nb4 Rxa3 33.Kc2 Ne5 34.Nd5 Ra2+ 35.Kxc3 Rh2
36.Kd4 Nf3+ 37.Ke3 Ng5 38.Nf4 Nxh3 39.Nxh3 Rxh3+ 40.Kf4 Ra3 41.Rd7 h6 42.g5 Ra4+
43.Kf3 hxg5 44.Rd5 g4+ 45.Kg3 Kh7 46.Rb5 Kh6 47.Rc5 Re4 48.Ra5 Rc4 49.Rb5 g5
50.Rb8  1/2-1/2

[Event "Andorra"]
[Site "Andorra"]
[Date "1996.??.??"]
[Round "9"]
[White "Vallejo Pons, Francisco"]
[Black "Forintos, Gyozo V"]
[Result "0-1"]
[WhiteElo "2420"]
[BlackElo "2405"]

1.e4 c5 2.Nc3 e6 3.Nf3 a6 4.d4 cxd4 5.Nxd4 Qc7 6.f4 b5 7.Bd3 Bb7 8.Nf3 b4
9.Ne2 Nf6 10.Ng3 Bc5 11.Qe2 Ng4 12.Ng5 Nf2 13.Rf1 Nxd3+ 14.cxd3 Nc6 15.Nf3 Qb6
16.b3 Nd4 17.Qd2 Rc8 18.Bb2 O-O 19.f5 f6 20.Nxd4 Bxd4 21.Bxd4 Qxd4 22.Rd1 a5
23.Ne2 Qb6 24.Qb2 e5 25.d4 Bxe4 26.dxe5 Rc2 27.Qd4 Qxd4 28.Rxd4 Bc6 29.exf6 Rxf6
30.g4 Rxa2 31.g5 Ra1+  0-1

[Event "Leon-B"]
[Site "Leon"]
[Date "1996.??.??"]
[Round "4"]
[White "De la Villa Garcia, Jesus Maria"]
[Black "Vallejo Pons, Francisco"]
[Result "1-0"]
[WhiteElo "2525"]
[BlackElo "2355"]

1.e4 e6 2.d4 d5 3.Nc3 Bb4 4.e5 Ne7 5.Bd2 O-O 6.Bd3 c5 7.Nf3 Ng6 8.Ne2 Bxd2+
9.Qxd2 Nh4 10.Nxh4 Qxh4 11.dxc5 Nd7 12.Qc3 Qe7 13.b4 a5 14.a3 Qg5 15.O-O Qxe5
16.f4 Qh5 17.Rf3 d4 18.Nxd4 Nf6 19.Rg3 axb4 20.axb4 Rxa1+ 21.Qxa1 Qh4 22.Ne2 e5
23.fxe5 Nh5 24.Re3 Qxb4 25.Qc3 Qb1+ 26.Kf2 Be6 27.Nd4 Qh1 28.Nf3 Nf4 29.Bf1 Nd5
30.Qd3 Nxe3 31.Kxe3 h6 32.h3 Rc8 33.Kf2 g6 34.Qd6 Bf5 35.Qe7 b6 36.Bc4 Rf8
37.e6 Qc1 38.exf7+ Kg7 39.Qe5+ Kh7 40.cxb6 Qxc2+ 41.Qe2 Qb1 42.Qe3 Qc2+ 43.Nd2 Be4
44.Bb3 Qb2 45.Qxe4 Qxd2+ 46.Kg1 Qc3 47.Qe6 Qc1+ 48.Kf2 Qd2+ 49.Kg3 h5 50.Bd5 h4+
51.Kg4 Qf2 52.Kg5 Qg3+ 53.Kf6 Qf4+ 54.Ke7 Qb8 55.Qd6 Qc8 56.Be4 Rxf7+ 57.Kxf7 Qf8+
58.Kxf8  1-0

[Event "Leon-B"]
[Site "Leon"]
[Date "1996.??.??"]
[Round "7"]
[White "Vallejo Pons, Francisco"]
[Black "Lima, Darcy"]
[Result "0-1"]
[WhiteElo "2355"]
[BlackElo "2440"]

1.e4 e5 2.Nf3 Nc6 3.Bc4 Nf6 4.d3 h6 5.O-O d6 6.c3 g6 7.d4 Qe7 8.dxe5 Nxe5
9.Nxe5 dxe5 10.Qe2 Bg7 11.b3 O-O 12.Ba3 c5 13.Bc1 Nh5 14.g3 Bh3 15.Re1 Kh7
16.Na3 Rad8 17.Bd3 Qe8 18.Be3 b6 19.Rad1 f5 20.Bb5 Qf7 21.Bc4 Qf6 22.Rxd8 Rxd8
23.exf5 Qxf5 24.Nb5 e4 25.Rc1 Rd7 26.Na3 Nf6 27.Bb5 Rd8 28.Nc4 Bg4 29.Qe1 Qh5
30.Nd2 Nd5 31.Nxe4 Bf3 32.Nd2 Bxc3 33.Bc4 Be4 34.Bxd5 Bxd2 35.Bxd2 Qxd5 36.Bc3 Qf5
37.Rd1 Qf3  0-1

[Event "Wch U14"]
[Site "Menorca"]
[Date "1996.??.??"]
[Round "4"]
[White "Vallejo Pons, Francisco"]
[Black "Khamrakulov, Ibragim S"]
[Result "1-0"]
[WhiteElo "2420"]
[BlackElo "2310"]

1.e4 c5 2.Nf3 Nc6 3.d4 cxd4 4.Nxd4 g6 5.Nc3 Bg7 6.Nde2 b6 7.h4 Nf6 8.h5 Nxh5
9.Rxh5 gxh5 10.Ng3 Bxc3+ 11.bxc3 Qc7 12.Nxh5 Qe5 13.Bd3 Rg8 14.Nf4 Bb7 15.Rb1 e6
16.Kf1 Ne7 17.Nh5 O-O-O 18.Bf4 Qxc3 19.Rb3 Qd4 20.c3 Qc5 21.Rb5 Qc6 22.c4 f5
23.Nf6 Rg6 24.Qa1 Rf8 25.Qe5 Kd8 26.Qb8+ Nc8 27.Nd5 d6 28.exf5 exd5 29.fxg6 dxc4
30.Bg5+ Ke8 31.Re5+ Kd7 32.Be4 Qxe4 33.Rxe4 Bxe4 34.g7 Re8 35.Bf6 Bd5 36.Bc3 h6
37.f3 Bc6 38.Kf2 Bd5 39.a4 Bc6 40.a5 b5 41.f4 a6 42.g4 Bd5 43.f5 Kc6 44.Bd4 Kd7
45.f6 Rg8 46.Kg3 Re8 47.Kh4  1-0